| 000 | 00709nam a2200193Ia 4500 | ||
|---|---|---|---|
| 003 | GCL | ||
| 008 | 140319s9999 xx 000 0 ara d | ||
| 040 |
_aGCL / _cGCL |
||
| 082 | 0 | 4 |
_a001.6425 _bر ت |
| 100 | 1 | _aربيع زكى عامر | |
| 245 | 1 | 0 |
_aتحليل الانحدار: اساليبه وتطبيقاته العملية بإستخدام البرنامج الجاهز SPSS\PC / _cربيع زكى عامر |
| 260 |
_a[S.N] : _bمعهد الدراسات والبحوث الاحصائية - جامعه ، _c1989 |
||
| 300 | _a208 ص | ||
| 490 | _a | ||
| 650 | 0 | 4 | _aالتحليل الرياضى |
| 650 | 0 | 4 | _aالحاسبات الالكترونية |
| 650 | 0 | 4 | _aالاحصاء |
| 942 |
_2ddc _cBK |
||
| 999 |
_c54116 _d54116 |
||